书目信息 |
| 题名: |
法硕联考基础解析
|
|
| 作者: | 崔红玉 编著 | |
| 分册: | 民法学 | |
| 出版信息: | 北京 中国政法大学出版社 2019 |
|
| 页数: | 302页 | |
| 开本: | 26cm | |
| 丛书名: | ||
| 单 册: | ||
| 中图分类: | D9 , D923.04 | |
| 科图分类: | ||
| 主题词: | 法律--fa lv--硕士生入学考试--升学参考资料 , 民法--min fa--中国--硕士生入学考试--升学参考资料 | |
| 电子资源: | ||
| ISBN: | 978-7-5620-8834-9 | |
| 000 | 01003nam0 2200277 450 | |
| 001 | 2151111999 | |
| 005 | 20211018173724.0 | |
| 010 | @a978-7-5620-8834-9@dCNY59.00 | |
| 100 | @a20190515d2019 em y0chiy0120 ea | |
| 101 | 0 | @achi |
| 102 | @aCN@b110000 | |
| 105 | @ay z 000yy | |
| 106 | @ar | |
| 200 | 1 | @a法硕联考基础解析@Afa shuo lian kao ji chu jie xi@i民法学@f崔红玉编著 |
| 210 | @a北京@c中国政法大学出版社@d2019 | |
| 215 | @a302页@d26cm | |
| 300 | @a厚大法硕 2020研究生招生考试指导用书专业课 | |
| 330 | @a本书共21章,内容包括:民事法律关系、自然人、法人、非法人组织、民事法律行为、代理、诉讼时效与期间、人身权、诉讼时效与期间、人身权、物权法概述、所有权、用益物权、担保物权等。 | |
| 517 | 1 | @a民法学@Amin fa xue |
| 606 | 0 | @a法律@Afa lv@x硕士生入学考试@j升学参考资料 |
| 606 | 0 | @a民法@Amin fa@y中国@x硕士生入学考试@j升学参考资料 |
| 690 | @aD9@v5 | |
| 690 | @aD923.04@v5 | |
| 701 | 0 | @a崔红玉@Acui hong yu@4编著 |
| 801 | 0 | @aCN@b百万庄@c20211016 |
| 905 | @b1310068-071@dD9@e892@f4 | |
| 法硕联考基础解析.民法学/崔红玉编著.-北京:中国政法大学出版社,2019 |
| 302页;26cm |
| 厚大法硕 2020研究生招生考试指导用书专业课 |
| ISBN 978-7-5620-8834-9:CNY59.00 |
| 本书共21章,内容包括:民事法律关系、自然人、法人、非法人组织、民事法律行为、代理、诉讼时效与期间、人身权、诉讼时效与期间、人身权、物权法概述、所有权、用益物权、担保物权等。 |
| ● |
| 相关链接 |
|
|
|
|
正题名:法硕联考基础解析
索取号:D9/892
 
预约/预借
| 序号 | 登录号 | 条形码 | 馆藏地/架位号 | 状态 | 备注 |
| 1 | 1310068 | 213100687 | 第一样本阅览室/ [索取号:D9/892] | 在馆 | |
| 2 | 1310069 | 213100696 | 第一借阅区/ [索取号:D9/892] | 在馆 | |
| 3 | 1310070 | 213100703 | 第一借阅区/ [索取号:D9/892] | 在馆 | |
| 4 | 1310071 | 213100712 | 第一借阅区/ [索取号:D9/892] | 在馆 |